Higher education in Korea (Record no. 1108274)

MARC details
000 -LEADER
fixed length control field 00990nam a2200277Ia 4500
003 - CONTROL NUMBER IDENTIFIER
control field OSt
005 - DATE AND TIME OF LATEST TRANSACTION
control field 20221006155038.0
008 - FIXED-LENGTH DATA ELEMENTS--GENERAL INFORMATION
fixed length control field 221006b |||||||| |||| 00| 0 eng d
020 ## - INTERNATIONAL STANDARD BOOK NUMBER
International Standard Book Number 9780815319573
037 ## - SOURCE OF ACQUISITION
Terms of availability Textual
040 ## - CATALOGING SOURCE
Original cataloging agency EASL
Transcribing agency EASL
Language of cataloging eng
041 ## - LANGUAGE CODE
Source of code eng
Language code of text/sound track or separate title eng
100 ## - MAIN ENTRY--PERSONAL NAME
Personal name Weidman John C Ed.
9 (RLIN) 668207
245 #0 - TITLE STATEMENT
Title Higher education in Korea
Remainder of title Tradition and adaptation
260 ## - PUBLICATION, DISTRIBUTION, ETC.
Place of publication, distribution, etc. New York
Name of publisher, distributor, etc. Falmer Press (A Member of the
Date of publication, distribution, etc. 2000
300 ## - PHYSICAL DESCRIPTION
Extent xii,264p.
Dimensions cm.
490 ## - SERIES STATEMENT
Volume/sequential designation KEL
Series statement Garland Studies in Higher Education, Vol.17. Garland Reference Library of Social Sciences Vol. 1013
650 ## - SUBJECT ADDED ENTRY--TOPICAL TERM
Topical term or geographic name entry element KEL
700 ## - ADDED ENTRY--PERSONAL NAME
Personal name Park Namgi Ed.
9 (RLIN) 668208
942 ## - ADDED ENTRY ELEMENTS (KOHA)
Classification part T4.495, P0
Koha item type Textual
Source of classification or shelving scheme Colon Classification (CC)
Holdings
Withdrawn status Lost status Source of classification or shelving scheme Damaged status Not for loan Home library Current library Date acquired Source of acquisition Serial Enumeration / chronology Total Checkouts Full call number Barcode Date last seen Price effective from Koha item type
    Colon Classification (CC)     Department of East Asian Studies Library Department of East Asian Studies Library 2022-10-06 292/2011-12, 29/03/2012, Pioneer Book Distributors KEL   T4.495 P0 EA1395462 2022-10-06 2022-10-06 Textual
Copyright @ Delhi University Library System